RECENT MADREPORARAI OF THE PKHILIPPINE ISLAND S (Record no. 233729)
[ view plain ]
| 000 -LEADER | |
|---|---|
| fixed length control field | 00510nam a22001937a 4500 |
| 003 - CONTROL NUMBER IDENTIFIER | |
| control field | LK-CoDNM |
| 005 - DATE AND TIME OF LATEST TRANSACTION | |
| control field | 20241219150142.0 |
| 008 - FIXED-LENGTH DATA ELEMENTS--GENERAL INFORMATION | |
| fixed length control field | 241219b |||||||| |||| 00| 0 eng d |
| 040 ## - CATALOGING SOURCE | |
| Original cataloging agency | LK-CoDNM |
| Modifying agency | LK-CoDNM |
| Description conventions | LK-CoDNM |
| 041 ## - LANGUAGE CODE | |
| Language code of text/sound track or separate title | English |
| 080 ## - UNIVERSAL DECIMAL CLASSIFICATION NUMBER | |
| Universal Decimal Classification number | 2 |
| Item number | I21 |
| 942 ## - ADDED ENTRY ELEMENTS (KOHA) | |
| Koha item type | Books |
| 100 ## - MAIN ENTRY--PERSONAL NAME | |
| Personal name | FAUSTINO,LEOPOLDO,A |
| 700 ## - ADDED ENTRY--PERSONAL NAME | |
| Personal name | WOODWARD,BB |
| 245 ## - TITLE STATEMENT | |
| Title | RECENT MADREPORARAI OF THE PKHILIPPINE ISLAND S |
| 260 ## - PUBLICATION, DISTRIBUTION, ETC. (IMPRINT) | |
| Date of publication, distribution, etc. | 1927 |
| Place of publication, distribution, etc. | MANILA |
| Name of publisher, distributor, etc. | BUREAU OF PRINTING |
| 300 ## - PHYSICAL DESCRIPTION | |
| Extent | 310P. : 100ill ; 23 cm |
| 650 ## - SUBJECT ADDED ENTRY--TOPICAL TERM | |
| Topical term or geographic name as entry element | SCIENCE |
| Withdrawn status | Lost status | Damaged status | Not for loan | Collection code | Permanent Location | Current Location | Shelving location | Date acquired | Full call number | Barcode | Koha item type |
|---|---|---|---|---|---|---|---|---|---|---|---|
| Damaged | Science | Library National Museum Colombo - Sri Lanka | Library National Museum Colombo - Sri Lanka | Reference | 2024-12-19 | 2 I21 | OS215 | Books |


